| 000 | 00603nam a22001817a 4500 | ||
|---|---|---|---|
| 003 | KOHA_MİRAKIL | ||
| 005 | 20260415092717.0 | ||
| 008 | 260415b tu ||||| |||| 00| 0 tur d | ||
| 040 |
_aTR-AnABB _btur _cTR-AnABB |
||
| 041 | _atur | ||
| 082 |
_a306.09561 _bBOL 1998 |
||
| 245 | 1 | 0 |
_aBölgeiçi zorunlu göçten kaynaklanan toplumsal sorunların Diyarbakır kenti ölçeğinde araştırılması / _cTMMOB |
| 246 | _aDiyarbakır | ||
| 250 | _aDiyarbakır Sanayi Araştırması ile genişletilmiş 2. baskı | ||
| 260 |
_aAnkara : _bTMMOB, _c1998 |
||
| 300 |
_a175 sayfa ; _c24 cm |
||
| 942 |
_2ddc _cBK |
||
| 999 |
_c10253 _d10253 |
||
| 900 | _bCan ÇELIK | ||